| 000 | 00644nam a2200193 a 4500 | ||
|---|---|---|---|
| 001 | 000032213 | ||
| 005 | 20240411074013.0 | ||
| 008 | 110713s1929 dr r 000 j spa d | ||
| 040 |
_aDO-SdBNP _bspa _cBNPHU |
||
| 082 |
_aRD863.4 _bM738e, 1929 |
||
| 100 | 1 |
_aMonclús, Miguel Ángel, _d1873-1967 _931058 |
|
| 245 | 1 | 0 |
_aEscenas criollas / _cMiguel Ángel Monclús. |
| 260 |
_aSanto Domingo : _bImprenta Montalvo, _c1929. |
||
| 300 |
_a90 p. ; _c21 cm. |
||
| 505 | 0 |
_tDe monteria -- _tMariposa -- _tLa resbalosa -- _tEl matrimonio |
|
| 590 | _aInventariado, 2018/LP | ||
| 650 | 0 |
_aCuentos dominicanos _9176 |
|
| 650 | 4 |
_aLinteratura dominicana _958291 |
|
| 999 |
_c31704 _d31704 |
||